00512nam a2200145Ia 4500082001200000100002400012245014900036260006100185300000800246650002100254650001900275650003000294650002100324710002100345 aTC.0204 aChaudhari, Neeta P. 0aComparative study of necessity of marriage and extent of marital adjustment among female of Mehsana and Ahmedabad districts of the Gujarat state c2011bHemchandracharya North Gujarat University, Gujarat a160 aMARRIAGE:GUJARAT aMARITAL STATUS aCOMMUNICATION IN MARRIAGE aMARITAL CONFLICT aAcharya, Manjari